Tusnádfürdő város turisztikai kommunikációja

Bibliográfiai részletek
Szerző: Keresztes Emese
További közreműködők: FÁB TAMÁS ZOLTÁN
Dokumentumtípus: Diplomadolgozat
Kulcsszavak:Tusnádfürdő
kommunikáció
turisztika
Online Access:http://dolgozattar.uni-bge.hu/15430

MARC

LEADER 00000nta a2200000 i 4500
001 dolg15430
005 20180828132553.0
008 180601suuuu hu om 000 hun d
040 |a BGE Dolgozattár Repozitórium  |b hun 
041 |a hu 
100 1 |a Keresztes Emese 
245 1 0 |a Tusnádfürdő város turisztikai kommunikációja  |c Keresztes Emese  |h [elektronikus dokumentum] 
695 |a Tusnádfürdő 
695 |a kommunikáció 
695 |a turisztika 
700 1 |a FÁB TAMÁS ZOLTÁN  |e ths 
856 4 0 |u http://dolgozattar.uni-bge.hu/15430/1/szakdolgozat%20%282%29.pdf  |z Dokumentum-elérés